| 000 | 00331nam a22001337a 4500 | ||
|---|---|---|---|
| 003 | OSt | ||
| 008 | 150504b xxu||||| |||| 00| 0 eng d | ||
| 100 | 1 | _aLudington, M. H. | |
| 041 | _aeng | ||
| 245 | 1 | 0 | _aBermuda : the handstruck stamps and cancellations |
| 260 |
_aLondon _bRobson Lowe Ltd |
||
| 300 | _a0 pages | ||
| 650 | 0 | _aVert File | |
| 999 |
_c1405 _d1405 |
||